00454 2200181 4500001002100000008004100021035002000062245004500082100001900127250000600146260003800152300001200190020002200202084001400224082000800238650001400246990001200260INLIS000000000001175 ind  a0010-0524000410 aFisika ModerncProf. Yohanes Surya, Ph.D aSurya, Yohanes a1 aTangerang :bPT. KandelcMei 2017 a265 hlm a978-602-6878-31-1 a530 YOH f a530 aNon Fiksi a0744937